Gaming Quiz

Random Gaming Quiz

Tales of Symphonia Characters Quiz Stats

 Plays Quiz not verified by Sporcle

Score 0/62 Timer 15:00
0 Plays Today
First Appearance Character % Correct
IseliaLloyd Irving
98.8%
IseliaColette Brunel
97.9%
IseliaGenis Sage
97.9%
IseliaRaine Sage
97.4%
Ossa TrailSheena Fujibayashi
96.9%
______ TempleKratos Aurion
96.5%
MeltokioZelos Wilder
96.2%
MeltokioPresea Combatir
95.3%
Meltokio SewersRegal Bryant
95%
Tower of SalvationMithos Yggdrasill
91.7%
Great SeedMartel Yggdrasill
89.1%
Sylvarant BaseYuan Ka-Fai
85.6%
_____'s HouseDirk
81.6%
Temple of LightningVolt
79.4%
Temple of EarthGnome
78.7%
Iselia Human RanchMarble
77.3%
Triet RuinsEfreet
77.3%
Temple of DarknessShadow
77.3%
PalmacostaChocolat
75.4%
Temple of IceCelsius
75.4%
Iselia Human RanchForcystus
74.9%
Tower of ManaLuna
74.9%
Remote Island Human RanchAska
74.5%
Asgard Human RanchPronyma
74%
Thoda GeyserUndine
74%
Asgard Human RanchKvar
73.3%
Balacruf MausoleumFairess - Sylph
73%
Balacruf MausoleumSephie - Sylph
72.8%
Balacruf MausoleumYutis - Sylph
72.8%
PalmacostaMagnius
72.1%
Palmacosta Human RanchRodyle
71.9%
First Appearance Character % Correct
______ TempleBotta
70.4%
ExireMaxwell
70.2%
Torent ForestOrigin
68.6%
SE AbbeySeles
68.3%
Thoda GeyserCorrine
64.8%
PalmacostaDorr
63.4%
IseliaNoishe
62.4%
MeltokioKuchinawa
61.5%
MeltokioKing of Tethe'alla
60.8%
MeltokioPope
60%
______ TempleRemiel
59.6%
IseliaMayor of Iselia
59.3%
________'s HouseAltessa
58.4%
AltamiraAlicia Combatir
58.2%
IseliaFrank Brunel
56%
MizuhoOrochi
53.7%
SybakKate
52.7%
PalmacostaKilia
50.8%
________'s HouseTabatha
49.9%
FlanoirAbyssion
49.9%
PalmacostaNeil
48.2%
______ TemplePhaidra Brunel
47.3%
PalmacostaCacao
45.6%
A Lot of LocationsWonder Chef
45.4%
MizuhoTiga
39.2%
PalmacostaClara
39.2%
AltamiraGeorge
39%
MeltokioSebastian
34.5%
MeltokioHilda
34.5%
MeltokioVharley
34%
MizuhoIgaguri
23.2%

You're not logged in!

Compare scores with friends on all Sporcle quizzes.
OR
Log In

Show Comments

Extras

Top Quizzes Today


Score Distribution

Your Account Isn't Verified!

In order to create a playlist on Sporcle, you need to verify the email address you used during registration. Go to your Sporcle Settings to finish the process.

Report this User

Report this user for behavior that violates our Community Guidelines.

Details: